000 00566nam a2200193Ia 4500
003 GCL
008 140319s9999 xx 000 0 eng d
040 _aGCL /
_cGCL
082 0 4 _a302.234
_bH R
100 1 _aHOOPO, BELL
245 1 0 _aREEL TO REAL: RACE, SEX AND CLASS AT THE MOVIES /
_cHOOPO, BELL
260 _a[S.N] :
_bROUTLEDGE ،
_c1996
300 _a244 P
650 0 4 _aMOTION PICTURES - PROCEDURES
650 0 4 _aMOTION PICTURES - U.S.A
650 0 4 _aMOTION PICTURES - SOCIAL ASPECT
650 0 4 _aMOTION PICTURES - POLITICAL ASPECTS
942 _2ddc
_cBK
999 _c16008
_d16008